000 00791nam a2200253Ia 4500
003 OSt
005 20221005035953.0
006 a|||||r|||| 00| 0
007 ta
008 221004b |||||||| |||| 00| 0 eng d
020 _a8173045097 (hbk)
_c350
024 _a98992
037 _b5572, 26/11/2009, Efficient Book Distributors
_cTextual
040 _aCRL
_cCRL
_beng
041 _2eng
_aeng
082 _aY5924.275'N5, P3
100 _aBasu Swaraj
245 0 _aDynamics of a caste movement
_b The rajbansis of North Bengal,1910-1947
260 _aDelhi
_bManohar India
_c2003
300 _a153p.
_ccm.
650 _aSOCIOLOGY
942 _hY5924.275'N5, P3
_cTEXL
_2cc
999 _c946122
_d946122